Beginning Windows NT programming / (Record no. 3346)

MARC details
000 -LEADER
fixed length control field 00892cam a2200277 a 4500
001 - CONTROL NUMBER
control field 11825116
003 - CONTROL NUMBER IDENTIFIER
control field mut
005 - DATE AND TIME OF LATEST TRANSACTION
control field 20240606080913.0
008 - FIXED-LENGTH DATA ELEMENTS--GENERAL INFORMATION
fixed length control field 981120s1998 enka 001 0 eng d
010 ## - LIBRARY OF CONGRESS CONTROL NUMBER
LC control number 99495108
020 ## - INTERNATIONAL STANDARD BOOK NUMBER
International Standard Book Number 1861000170
040 ## - CATALOGING SOURCE
Original cataloging agency OCO
Transcribing agency OCO
Modifying agency EZC
-- DLC
042 ## - AUTHENTICATION CODE
Authentication code lccopycat
050 00 - LIBRARY OF CONGRESS CALL NUMBER
Classification number QA76.76.O63
Item number T434 1998
082 00 - DEWEY DECIMAL CLASSIFICATION NUMBER
Classification number 005.4/469
Edition information 21
100 1# - MAIN ENTRY--PERSONAL NAME
Personal name Templeman, Julian.
245 10 - TITLE STATEMENT
Title Beginning Windows NT programming /
246 14 - VARYING FORM OF TITLE
Title proper/short title Julian Templeman's beginning Windows NT programming
260 ## - PUBLICATION, DISTRIBUTION, ETC.
Place of publication, distribution, etc. Birmingham, UK ;
-- Chicago, Ill. :
Name of publisher, distributor, etc. Wrox Press,
Date of publication, distribution, etc. 1998.
300 ## - PHYSICAL DESCRIPTION
Extent xvii, 589 p. :
Other physical details ill. ;
Dimensions 24 cm.
500 ## - GENERAL NOTE
General note Includes index.
630 00 - SUBJECT ADDED ENTRY--UNIFORM TITLE
Uniform title Microsoft Windows NT.
906 ## - LOCAL DATA ELEMENT F, LDF (RLIN)
a 7
b cbc
c copycat
d 3
e ncip
f 19
g y-gencatlg
942 ## - ADDED ENTRY ELEMENTS (KOHA)
Source of classification or shelving scheme Library of Congress Classification
Koha item type Books
Holdings
Withdrawn status Lost status Source of classification or shelving scheme Damaged status Not for loan Home library Current library Date acquired Total checkouts Full call number Barcode Date last seen Date last checked out Price effective from Koha item type
    Library of Congress Classification     Murang'a University of Technology Library Murang'a University of Technology Library 10/01/2017 2 QA76.76.O63 T434 1998 003500 30/08/2024 08/11/2021 10/01/2017 Books